| 000 | 00570nam a2200217 i 4500 | ||
|---|---|---|---|
| 001 | bg | ||
| 100 | 1 | _aMASŁOWSKI, Krzysztof | |
| 245 | 1 | 0 |
_aPierwsze kroki w Windows 95 PL : _bkurs obsługi komputera dla początkujących. |
| 260 |
_aWarszawa : _b"HELP", _c1995. |
||
| 300 |
_a231 s. : _bil. ; _c24 cm. |
||
| 504 | _aIndeks. | ||
| 650 | 9 | _aWindows 95 | |
| 655 | _aPodręczniki | ||
| 020 | _a838513784X | ||
| 040 | _cBPK | ||
| 041 | 0 | _apl | |
| 080 | _a004.451(07)Windows | ||
| 920 | _a83-85137-84-X | ||
| 942 | _cKS | ||
| 008 | s pl f |000 0 pol | ||
| 999 |
_c37448 _d37448 |
||
| 856 |
_uhttp://koha.tu.koszalin.pl/cgi-bin/koha/opac-detail.pl?biblionumber=37448 _yKatalog online BPK |
||